Ebert's Most Hated #5 - Statistics

General Stats
  • This quiz has been taken 23 times
  • The average score is 3 of 10
Answer Stats
Hint Answer % Correct
In my research I discovered that the scientific name for fear of [title] is paraskavedekatriaphobia. I envision a new franchise: "Paraskavedekatriaphobia: A New Beginning," "Paraskavedekatriaphobia: Jason Lives," "Paraskavedekatriaphobia: Freddy's Nightmare," etc. Friday the 13th (2009)
77%
The movie has been signed by Michael Bay. This is the same man who directed "The Rock" in 1996. Now he has made [title]. Faust made a better deal. Transformers: Revenge of the Fallen
59%
The 2010 edition of "[title]" is number 8 1/2 in the series. I arrive at that number not out of a desperate desire to be seeing the Fellini film instead, but because "Freddy vs. Jason" (2003) should in all fairness count for half a film on this list, and half a film on the "Friday the 13th" list. A Nightmare on Elm Street (2010 remake)
36%
How does Michael Myers support himself in the long years between his slashing outbreaks? I picture him working in a fast-food joint. “He never spoke much, but boy, could he dice those onions!” Halloween: H20
23%
The first voice we hear in "[title]" belongs to James Earl (Darth Vader) Jones, reading the words that crawl up the screen, describing a future world in which most of the Earth is a wasteland, and humans huddle in closed, violent megacities. Jones' voice, along with the words crawling up the screen, are reminders of "Star Wars." The fact that he has to read them is a reminder that in 1977, when "Star Wars" came out, audiences didn't need to have them read. We are getting closer to the wasteland every day. Judge Dredd
23%
I walked into "[title]", sat down, took a sip of my delicious medium roast coffee and felt at peace with the world. How nice it would be, I thought, to give Adam Sandler a good review for a change. Goodwill and caffeine suffused my being, and as the lights went down I all but beamed at the screen. Then Adam Sandler spoke, and all was lost. The Waterboy
14%
Roman Polanski's "[title]" was the official French entry at Cannes last May, and in the riot to get into the press screening one man was thrown through a glass door and two more found themselves amid the potted palms. It's a wonder nobody was killed in the rush to get out. The Tenant
9%
It is an allegory about a group of people who survive under great stress, but frankly I would rather have seen them perish than sit through the final three-quarters of the film. Blindness
5%
The philosopher Thomas Hobbes tells us life can be "poor, nasty, brutish and short." So is this movie. High Tension
5%
Hitchcock said a movie should play the audience like a piano. “[title]” played me like a drum. It is an assault on all the senses, including common. Walking out, I had the impression I had just seen the video game and was still waiting for the movie. Death Race
0%
No matching quizzes found
Score Distribution
Percent of People with Each Score
Percentile by Number Answered
Your Score History
You have not taken this quiz